UBT Library

Social security policy in a changing environment (Record no. 1348)

000 -LEADER
fixed length control field 00742nam a22002057a 4500
008 - FIXED-LENGTH DATA ELEMENTS--GENERAL INFORMATION
fixed length control field 151103b xxu||||| |||| 00| 0 eng d
020 ## - INTERNATIONAL STANDARD BOOK NUMBER
International Standard Book Number 9780226076485 (cloth : alk. paper)
020 ## - INTERNATIONAL STANDARD BOOK NUMBER
International Standard Book Number 0226076482 (cloth : alk. paper)
041 0# - LANGUAGE CODE
Language code of text/sound track or separate title eng
080 ## - UNIVERSAL DECIMAL CLASSIFICATION NUMBER
Universal Decimal Classification number 368.4
245 00 - TITLE STATEMENT
Title Social security policy in a changing environment
Statement of responsibility, etc edited by Jeffrey R. Brown, Jeffrey Liebman, and David A. Wise.
260 ## -
-- Chicago :
-- University of Chicago Press,
-- c2009.
300 ## -
-- 459 f.:
-- me il.;
-- 21 cm.
490 0# -
-- A National Bureau of Economic Research conference report
650 #0 -
-- Sigurimet shoqërore
700 1# -
-- Brown, Jeffrey R.
700 1# -
-- Liebman, Jeffrey B.
700 1# -
-- Wise, David A.
942 ## - ADDED ENTRY ELEMENTS (KOHA)
Source of classification or shelving scheme
Item type Books
Holdings
Withdrawn status Lost status Source of classification or shelving scheme Damaged status Not for loan Collection code Permanent location Current location Shelving location Date acquired Total Checkouts Full call number Barcode Date last seen Price effective from Koha item type
          Koleksioni i përgjithshem UBT - Lipjan UBT - Lipjan Koleksioni i përgjithshem 12/08/2015   368.4 SOC 002-008761 12/08/2015 12/08/2015 Books
UBT Library © 2015-2024. All rights reserved University Education for Business and Technology